Women in Florida industries. (Record no. 35996)
[ view plain ]
| 000 -LEADER | |
|---|---|
| fixed length control field | 01242cam a22003011 4500 |
| 001 - CONTROL NUMBER | |
| control field | l 30000206 |
| 003 - CONTROL NUMBER IDENTIFIER | |
| control field | DLC |
| 005 - DATE AND TIME OF LATEST TRANSACTION | |
| control field | 20260227111533.0 |
| 008 - FIXED-LENGTH DATA ELEMENTS--GENERAL INFORMATION | |
| fixed length control field | 840517s1930 dcua f000 0 eng |
| 010 ## - LIBRARY OF CONGRESS CONTROL NUMBER | |
| LC control number | l 30000206 |
| 035 ## - SYSTEM CONTROL NUMBER | |
| System control number | (OCoLC)10746151 |
| 040 ## - CATALOGING SOURCE | |
| Original cataloging agency | DLC |
| Transcribing agency | ViBlbV |
| Modifying agency | DLC |
| -- | WaU |
| 050 00 - LIBRARY OF CONGRESS CALL NUMBER | |
| Classification number | HD6093 |
| Item number | .A35 no. 80 |
| 110 1# - MAIN ENTRY--CORPORATE NAME | |
| Corporate name or jurisdiction name as entry element | United States. |
| Subordinate unit | Women's Bureau. |
| 245 10 - TITLE STATEMENT | |
| Title | Women in Florida industries. |
| 260 ## - PUBLICATION, DISTRIBUTION, ETC. | |
| Place of publication, distribution, etc. | Washington, |
| Name of publisher, distributor, etc. | U.S. Govt. Print. Off., |
| Date of publication, distribution, etc. | 1930. |
| 300 ## - PHYSICAL DESCRIPTION | |
| Extent | vi, 115 p. |
| Other physical details | incl. tables, diagr. |
| Dimensions | 23 cm. |
| 490 1# - SERIES STATEMENT | |
| Series statement | Bulletin of the Women's Bureau ; |
| Volume/sequential designation | no. 80 |
| 500 ## - GENERAL NOTE | |
| General note | At head of title: United States Department of labor. James J. Davis, secretary. Women's bureau. Mary Anderson, director. |
| 500 ## - GENERAL NOTE | |
| General note | "The survey was conducted by and under the direction of Ethel L. Best, industrial supervisor, and the report has been written by Mrs. Best and Mary Elizabeth Pidgeon."--Letter of transmittal. |
| 650 #0 - SUBJECT ADDED ENTRY--TOPICAL TERM | |
| Topical term or geographic name entry element | Women |
| General subdivision | Employment |
| Geographic subdivision | Florida. |
| 650 #0 - SUBJECT ADDED ENTRY--TOPICAL TERM | |
| Topical term or geographic name entry element | Wages |
| General subdivision | Women |
| Geographic subdivision | Florida. |
| 650 #0 - SUBJECT ADDED ENTRY--TOPICAL TERM | |
| Topical term or geographic name entry element | Hours of labor |
| Geographic subdivision | Florida. |
| 650 #0 - SUBJECT ADDED ENTRY--TOPICAL TERM | |
| Topical term or geographic name entry element | African American women. |
| 700 1# - ADDED ENTRY--PERSONAL NAME | |
| Personal name | Best, Ethel L. |
| Fuller form of name | (Ethel Lombard) |
| 700 1# - ADDED ENTRY--PERSONAL NAME | |
| Personal name | Pidgeon, Mary Elizabeth. |
| 830 #0 - SERIES ADDED ENTRY--UNIFORM TITLE | |
| Uniform title | Bulletin (United States. Women's Bureau) ; |
| Volume/sequential designation | 80. |
No items available.